<The> new economic diplomacy decision-making and negotiation in international economic relations

Saved in:
Bibliographic Details
Main Author: Bayne, Nicholas
Other Authors: Woolcock, Stephen
Format: Book
Language:English
Published: Aldershot Ashgate 2003
Series:<The> G8 and global governance series
Subjects:
Tags: Add Tag
No Tags, Be the first to tag this record!

MARC

LEADER 00000nam$a2200000$$$4500
001 0044838
005 20240312115907.9
020 |a 0-7546-4318-2 
041 0 |a eng 
044 |a GB 
245 1 0 |a <The> new economic diplomacy  |b decision-making and negotiation in international economic relations  |c Nicholas Bayne and Stephen Woolcock 
264 1 |a Aldershot  |b Ashgate  |c 2003 
300 |a xiv, 314 s. 
490 1 |a <The> G8 and global governance series 
830 0 |a <The> G8 and global governance series 
610 2 0 |a diplomacia hospodárska 
610 2 0 |a vzťahy hospodárske medzinárodné 
610 2 0 |a spolupráca medzinárodná 
610 2 0 |a dohody obchodné medzinárodné 
100 1 |a Bayne, Nicholas 
700 1 |a Woolcock, Stephen